000 00491nam a2200181Ia 4500
003 GCL
008 140319s9999 xx 000 0 ara d
040 _aGCL /
_cGCL
082 0 4 _a913.03
_bح ى
100 1 _aحنا نصر الحسينى
245 1 0 _aالياطر (رواية) /
_cحنا نصر الحسينى
700 1 _aحنا مينة
300 _a296 ص
490 _aكتاب
_v0
650 0 4 _aالادب العربى
650 0 4 _aالقصص العربية
942 _2ddc
_cBK
999 _c42516
_d42516